ბათუმის შოთა რუსთაველის სახელმწიფო უნივერსიტეტის ბიბლიოთეკა

Аппараты и оборудование нефтеперерабатывающих заводов(расчет и конструирование). (ბიბ.ჩანაწერი № 37336)

000 -LEADER
fixed length control field 00882nam a2200217Ia 4500
001 - CONTROL NUMBER
control field 3295
003 - CONTROL NUMBER IDENTIFIER
control field GE_BSU
008 - FIXED-LENGTH DATA ELEMENTS--GENERAL INFORMATION
fixed length control field 181216s||||||||xx |||||||||||||| ||und||
040 ## - CATALOGING SOURCE
Transcribing agency GE_BSU
080 ## - UNIVERSAL DECIMAL CLASSIFICATION NUMBER
Universal Decimal Classification number 665.617(035.5)
100 ## - MAIN ENTRY--PERSONAL NAME
Personal name Константинов,А.Н. Самсонов,Н.А. Вейцман,М.А. Иванец,К.Я.
245 ## - TITLE STATEMENT
Title Аппараты и оборудование нефтеперерабатывающих заводов(расчет и конструирование).
245 ## - TITLE STATEMENT
Remainder of title Справочная книга.
245 ## - TITLE STATEMENT
Statement of responsibility, etc. ред. К.Я.Иванец.
260 ## - PUBLICATION, DISTRIBUTION, ETC.
Place of publication, distribution, etc. М.
260 ## - PUBLICATION, DISTRIBUTION, ETC.
Name of publisher, distributor, etc. Гостоптехиздат.
260 ## - PUBLICATION, DISTRIBUTION, ETC.
Date of publication, distribution, etc. 1960.
300 ## - PHYSICAL DESCRIPTION
Extent 573стр. 22см. с илл. библиогр.:стр.570-571.
653 ## - INDEX TERM--UNCONTROLLED
Uncontrolled term Аппараты и оборудование нефтеперерабатывающих заводов.
942 ## - ADDED ENTRY ELEMENTS (KOHA)
Koha item type წიგნი
ეგზემპლარები
Withdrawn status Lost status Damaged status Not for loan Date acquired Barcode Date last seen Price effective from Koha item type Public note
        2018-12-17 9450 2018-12-17 2018-12-17 წიგნი დარბაზი
        2018-12-17 9451 2018-12-17 2018-12-17 წიგნი დარბაზი
        2018-12-17 9452 2018-12-17 2018-12-17 წიგნი დარბაზი
        2018-12-17 9453 2018-12-17 2018-12-17 წიგნი დარბაზი